|
|
|
|
| LEADER |
00000nab a2200000 a 4500 |
| 001 |
vtls000513816 |
| 003 |
SK-MaSNL |
| 005 |
20260304100117.0 |
| 008 |
250425c1994 xo 0 slo |
| 015 |
|
|
|a SNBRB19rr/mm-uuuuu
|
| 035 |
|
|
|a CL0513954
|
| 035 |
|
|
|a urn:nbn:sk:snk-ab6wen
|
| 035 |
|
|
|a (uuid)736275f3-80b4-4ca2-87f0-7b08b0f3f343
|
| 035 |
|
|
|a (urnnbn)urn:nbn:sk:snk:ar-a062ii
|
| 035 |
|
|
|a (sysno)vtls000513816
|
| 040 |
|
|
|a SNKBUCL
|b slo
|c SNKBUCL
|e AACR2
|
| 041 |
0 |
|
|a slo
|
| 044 |
|
|
|a xo
|c SK
|
| 080 |
|
|
|a 615.849:616-073.75:061.3
|2 1981
|
| 080 |
|
|
|a 616-073.75
|2 1981
|
| 100 |
1 |
|
|a Grunt, Ján,
|d 1953-
|4 aut
|9 233477
|
| 245 |
1 |
0 |
|a International congress of Radiology
|c Ján Grunt
|
| 650 |
0 |
7 |
|a rádiológia
|2 snkbucl
|9 2579
|
| 655 |
|
7 |
|a články z novín a časopisov
|2 snkbucl
|9 267496
|
| 773 |
0 |
|
|t Slovenská rádiológia
|g Roč. 1, č. 1 (1994), s. 57
|x 1335-0625
|
| 850 |
|
|
|a Slovenská národná knižnica
|
| 852 |
|
|
|a Slovenská národná knižnica
|
| 954 |
|
|
|a odborná, vedecká literatúra pôvodná (slovenská)
|2 lita
|
| 958 |
|
|
|a article27
|
| 958 |
|
|
|a RK
|
| 958 |
|
|
|a MI
|
| 958 |
|
|
|a OND
|
| 958 |
|
|
|a EUIPO
|
| 992 |
|
|
|a RBX
|
| 999 |
|
|
|c 2836062
|d 2837992
|